000
00297nam a22001337a 4500
008
181106b xxu||||| |||| 00| 0 eng d
020
_a
1560533080
041
_a
eng
080
_2
2nd
_a
610
100
_a
4
101
_a
SHM
245
_a
Sports Medicine Secrets
_c
Mellion,M.B
942
_2
udc
_c
BK
999
_c
51989
_d
51989